| 000 | 00740nam a22001577a 4500 | ||
|---|---|---|---|
| 003 | OSt | ||
| 005 | 20151003090953.0 | ||
| 008 | 151003b xxu||||| |||| 00| 0 eng d | ||
| 040 | _cRUA | ||
| 082 | _aAVM SEA 1995 B068 Or.1 | ||
| 100 |
_91834 _aSEAK, SOPHARY. |
||
| 245 | _aWhat is the incident of internal parasitic disease of pigs in svay at viillage pursat province, តើអ្វីខ្លះជាឧបត្តិហេតុនៃជំងឺប៉ារ៉ាស៊ីតផ្នែកខាងក្នុងរបស់ជ្រូកនៅក្នុងភុមិស្វាយអាត់ ខេត្តពោធិ៍សាត់ | ||
| 260 |
_aPhnom Penh _bRUA _c1995 |
||
| 300 |
_a61p. _bill. _c29cm. |
||
| 942 |
_2ddc _cAVM |
||
| 999 |
_c1731 _d1731 |
||